Geology and ground-water resources of Wilcox County, Alabama, (Record no. 29485)

MARC details
000 -LEADER
fixed length control field 01175cam a22003011 4500
001 - CONTROL NUMBER
control field gs 60000280
003 - CONTROL NUMBER IDENTIFIER
control field DLC
005 - DATE AND TIME OF LATEST TRANSACTION
control field 20260227111409.0
008 - FIXED-LENGTH DATA ELEMENTS--GENERAL INFORMATION
fixed length control field 780725s1959 aluab b 000 0 eng c
010 ## - LIBRARY OF CONGRESS CONTROL NUMBER
LC control number gs 60000280
035 ## - SYSTEM CONTROL NUMBER
System control number (OCoLC)4083503
040 ## - CATALOGING SOURCE
Original cataloging agency U.S. Geol. Survey. Libr.
Transcribing agency MiDW
Modifying agency OCoLC
-- DLC
042 ## - AUTHENTICATION CODE
Authentication code premarc
050 00 - LIBRARY OF CONGRESS CALL NUMBER
Classification number QE81
Item number .A17 no. 4
100 1# - MAIN ENTRY--PERSONAL NAME
Personal name LaMoreaux, Philip E.
Fuller form of name (Philip Elmer),
Dates associated with a name 1920-
245 10 - TITLE STATEMENT
Title Geology and ground-water resources of Wilcox County, Alabama,
Statement of responsibility, etc. by P. E. LaMoreaux and L. D. Toulmin.
260 ## - PUBLICATION, DISTRIBUTION, ETC.
Place of publication, distribution, etc. University,
Date of publication, distribution, etc. 1959.
300 ## - PHYSICAL DESCRIPTION
Extent ix, 280 p.
Other physical details illus., maps (part fold., 1 col.)
Dimensions 23 cm.
410 20 - SERIES STATEMENT/ADDED ENTRY--CORPORATE NAME [OBSOLETE, CAN/MARC], [LOCAL, USA]
Corporate name or jurisdiction name as entry element Geological Survey of Alabama
Title of a work County report
Volume number/sequential designation 4
500 ## - GENERAL NOTE
General note Part of illustrative matter in pocket.
500 ## - GENERAL NOTE
General note "Prepared by the United States Geological Survey in cooperation with the Geological Survey of Alabama."
504 ## - BIBLIOGRAPHY, ETC. NOTE
Bibliography, etc. note Bibliography: p. 149-163.
650 #0 - SUBJECT ADDED ENTRY--TOPICAL TERM
Topical term or geographic name entry element Geology
Geographic subdivision Alabama
-- Wilcox County.
650 #0 - SUBJECT ADDED ENTRY--TOPICAL TERM
Topical term or geographic name entry element Groundwater
Geographic subdivision Alabama
-- Wilcox County.
650 #0 - SUBJECT ADDED ENTRY--TOPICAL TERM
Topical term or geographic name entry element Water-supply
Geographic subdivision Alabama
-- Wilcox County.
700 1# - ADDED ENTRY--PERSONAL NAME
Personal name Toulmin, Lyman Dorgan,
Dates associated with a name 1904-
Relator term joint author.
710 2# - ADDED ENTRY--CORPORATE NAME
Corporate name or jurisdiction name as entry element Geological Survey (U.S.)

No items available.

Powered by Koha